000 00690nam a2200205 i 4500
001 65467
003 ES-MaACL
005 20240125063133.0
007 t|
008 040114s1966 sp ||||1| cat d
100 1 _aFreud, Sigmund,
_d1856-1939
_952547
245 1 0 _aPsicopatología de la vida quotidiana /
_cSigmund Freud ; próleg de Delfí Abella ; [traducció de Michael Faber-Kaiser].
250 _a[1ª ed.].
260 _aBarcelona :
_bEdicions 62,
_c[1966]
300 _a298 p. :
_bretr. aut. ;
_c20 cm.
700 0 _aFaber-Kaiser, Michael.
_948510
700 1 _aAbella, Delfí,
_d1925-2007
_9144802
852 _aES-MaACL
_jC-29804
_bR.60394
999 _c65467
_d65467